| 000 | 00438nam a2200145Ia 4500 | ||
|---|---|---|---|
| 003 | OSt | ||
| 005 | 20260130105525.0 | ||
| 008 | 211028s2018 xx 000 0 und d | ||
| 040 | _cAIMIT LIBRARY | ||
| 041 | _aeng | ||
| 100 |
_aKumbhar, Rohit R; D Souza, Lestan. _g1616167 _97920 |
||
| 245 | _aStudy on comprehensive study on retail loans at bank of Maharashtra Belgaum / | ||
| 260 |
_aMangalore _bDivya Pereira. _c2018 |
||
| 942 |
_2ddc _cPRO |
||
| 999 |
_c219488 _d219488 |
||